[Event "FRM-chT 31st"]
[Site "Ohrid"]
[Date "2023.08.31"]
[Round "6.3"]
[White "Nedev, Trajce"]
[Black "Stamenkov, Vanco"]
[Result "1-0"]
[WhiteElo "2465"]
[BlackElo "2324"]
[PlyCount "177"]
[EventDate "2023.08.26"]
[EventType "team-tourn"]
[EventRounds "7"]
[EventCountry "MKD"]
[SourceTitle "EXT 2024"]
[Source "ChessBase"]
[SourceDate "2023.10.10"]
[SourceVersion "1"]
[SourceVersionDate "2023.10.10"]
[SourceQuality "1"]
[WhiteTeam "Skopje Alkaloid"]
[BlackTeam "Gostivar"]
[WhiteTeamCountry "MKD"]
[BlackTeamCountry "MKD"]

1. e4 c5 2. Nf3 Nc6 3. Bb5 e6 4. 0-0 Nge7 5. Re1 a6 6. Bf1 d5 7. exd5 Nxd5 8. d4 Nf6 9. Be3 cxd4 10. Nxd4 Nxd4 11. Bxd4 Be7 12. c4 Bd7 13. Nc3 Bc6 14. a3 Qd7 15. Qd3 Rd8 16. Rad1 Qc7 17. Qh3 0-0 18. Rd3 Qf4 19. Be5 Rxd3 20. Bxd3 Qg4 21. Bxh7+ Kh8 22. Bf5+ Qxh3 23. Bxh3 Rd8 24. Rd1 Rxd1+ 25. Nxd1 Ba4 26. Ne3 Bb3 27. g3 Bc5 28. Bg2 b6 29. Bb7 Nd7 30. Bc3 Bxe3 31. fxe3 Nc5 32. Bc8 Bxc4 33. b4 Ne4 34. Be5 a5 35. Bb7 f5 36. bxa5 bxa5 37. Bc6 Bb3 38. Bd4 a4 39. Kf1 Kh7 40. Ke2 g5 41. g4 Kg6 42. Be8+ Kh6 43. gxf5 exf5 44. Be5 Bc4+ 45. Ke1 Bb3 46. h3 Kh7 47. Bb5 Kg6 48. Ke2 Kf7 49. Bd7 Kg6 50. Be8+ Kh6 51. Bc7 Bc4+ 52. Ke1 Bb3 53. Ke2 Bc4+ 54. Kf3 Bd5 55. Ke2 Bc4+ 56. Ke1 Bb3 57. Bd7 Kg6 58. Bd8 Nc5 59. Be8+ Kh6 60. h4 gxh4 61. Bxh4 Ne4 62. Ke2 Nd6 63. Bd7 Kg6 64. Be7 Nc4 65. Be8+ Kg7 66. Kd3 Ne5+ 67. Kd4 Ng6 68. Bg5 Nf8 69. Ke5 Bc2 70. Bf6+ Kh6 71. Kd5 Ng6 72. Bd4 Kg5 73. Bb6 Kf6 74. Bd8+ Kg7 75. Bg5 Nf8 76. Kc4 Ne6 77. Bf4 Kf8 78. Bc6 Ke7 79. Kb4 Nxf4 80. exf4 Kd6 81. Bxa4 Bd3 82. Bb5 Be4 83. Kc4 Bd5+ 84. Kd4 Be6 85. a4 Bc8 86. a5 Bb7 87. Be2 Bc8 88. a6 Kc6 89. a7 1-0

[Event "FRM-chT 31st"]
[Site "Ohrid"]
[Date "2023.08.30"]
[Round "5.3"]
[White "Stamenkov, Vanco"]
[Black "Trajanovski, Ratko"]
[Result "1-0"]
[WhiteElo "2324"]
[BlackElo "2142"]
[PlyCount "113"]
[EventDate "2023.08.26"]
[EventType "team-tourn"]
[EventRounds "7"]
[EventCountry "MKD"]
[SourceTitle "EXT 2024"]
[Source "ChessBase"]
[SourceDate "2023.10.10"]
[SourceVersion "1"]
[SourceVersionDate "2023.10.10"]
[SourceQuality "1"]
[WhiteTeam "Gostivar"]
[BlackTeam "Shipkovica Anpasan"]
[WhiteTeamCountry "MKD"]
[BlackTeamCountry "MKD"]

1. Nf3 Nf6 2. c4 e6 3. d4 d5 4. g3 Be7 5. Bg2 0-0 6. Qc2 b6 7. cxd5 Nxd5 8. 0-0 Bb7 9. a3 Nd7 10. Rd1 Rc8 11. e4 N5f6 12. Nc3 a6 13. b4 c5 14. bxc5 bxc5 15. d5 exd5 16. e5 Ne8 17. Nxd5 Bxd5 18. Rxd5 Nc7 19. Rd1 Ne6 20. Be3 Qc7 21. Qe4 Rfd8 22. Rab1 Rb8 23. Rbc1 h6 24. Bf1 Rb6 25. Bc4 Ndf8 26. h4 Rxd1+ 27. Rxd1 Qb7 28. Bd5 Qb8 29. Nd2 Nc7 30. Nc4 Nxd5 31. Rxd5 Rc6 32. Rd2 Qc7 33. Qd5 Ne6 34. Kg2 Nd4 35. Rb2 h5 36. a4 g6 37. a5 Nb5 38. Rb3 Re6 39. Rd3 Qc6 40. Qxc6 Rxc6 41. Rd7 Rc7 42. Rd5 Rc6 43. Bg5 Kf8 44. Rd7 Bxg5 45. hxg5 Rc7 46. Rd8+ Ke7 47. Ra8 Rc6 48. Kf3 Nc7 49. Ra7 Kd7 50. Ke4 Kc8 51. Nd6+ Kd7 52. Kd3 Ke6 53. Nc4 Kd5 54. f4 Ke6 55. Rb7 Kf5 56. Rb6 Re6 57. Ne3# 1-0

[Event "FRM-chT 29th"]
[Site "Struga"]
[Date "2021.08.20"]
[Round "6"]
[White "Petkovski, Vlatko"]
[Black "Stamenkov, Vanco"]
[Result "1/2-1/2"]
[WhiteElo "2099"]
[BlackElo "2331"]
[PlyCount "45"]
[EventDate "2021.08.15"]
[EventType "team-tourn"]
[EventRounds "7"]
[EventCountry "MKD"]
[SourceTitle "CBM 203 Extra"]
[Source "ChessBase"]
[SourceDate "2021.09.30"]
[SourceVersion "1"]
[SourceVersionDate "2021.09.30"]
[SourceQuality "1"]
[WhiteTeam "Skopje MSK Centar"]
[BlackTeam "Gostivar"]
[WhiteTeamCountry "MKD"]
[BlackTeamCountry "MKD"]

1. e4 c5 2. Nf3 Nc6 3. d4 cxd4 4. Nxd4 e5 5. Nb5 d6 6. N1c3 a6 7. Na3 b5 8. Nd5 Nf6 9. Bg5 Be7 10. Bxf6 Bxf6 11. c3 0-0 12. Nc2 Rb8 13. a4 bxa4 14. Rxa4 Rxb2 15. Bxa6 Be6 16. Nce3 Bg5 17. Qa1 Rb8 18. 0-0 Bxe3 19. Nxe3 Qb6 20. Bc4 Bxc4 21. Nxc4 Qc7 22. Ne3 Ne7 23. Rd1 1/2-1/2

[Event "FRM-chT"]
[Site "Ohrid"]
[Date "2019.07.26"]
[Round "5.3"]
[White "Nikolovski, Nikola"]
[Black "Stamenkov, Vanco"]
[Result "1/2-1/2"]
[WhiteElo "2383"]
[BlackElo "2321"]
[PlyCount "105"]
[EventDate "2019.07.22"]
[EventType "team-tourn"]
[EventRounds "7"]
[EventCountry "MKD"]
[SourceTitle "EXT 2020"]
[Source "ChessBase"]
[SourceDate "2019.10.17"]
[SourceVersion "1"]
[SourceVersionDate "2019.10.17"]
[SourceQuality "1"]
[WhiteTeam "Skopje Gambit Asseko"]
[BlackTeam "Skopje Kisela Voda"]
[WhiteTeamCountry "MKD"]
[BlackTeamCountry "MKD"]

1. e4 c5 2. Nc3 Nc6 3. Bb5 g6 4. Bxc6 dxc6 5. d3 Bg7 6. f4 c4 7. Be3 cxd3 8. cxd3 Nf6 9. h3 0-0 10. Nf3 b6 11. d4 b5 12. Qc2 b4 13. Na4 Nxe4 14. Qxe4 Bf5 15. Qxc6 Qa5 16. Nc5 Rfc8 17. Qd5 Be6 18. Qg5 Bf6 19. Qh6 Rxc5 20. dxc5 b3+ 21. Kf2 bxa2 22. Ng5 Bxg5 23. fxg5 Rb8 24. Rhd1 Rxb2+ 25. Kg1 Bd5 26. Rxd5 Rb1+ 27. Rd1 Rxd1+ 28. Rxd1 a1Q 29. Rxa1 Qxa1+ 30. Kf2 Qa2+ 31. Kg3 Qb3 32. Kf4 Qc4+ 33. Ke5 Qe2 34. Kf4 Qc4+ 35. Ke5 Qe2 36. Kd4 Qb2+ 37. Kc4 Qe2+ 38. Kd4 Qb2+ 39. Kd3 Qb3+ 40. Ke2 Qc4+ 41. Ke1 Qe6 42. Kd2 Qa2+ 43. Kc3 Qa3+ 44. Kd4 Qb2+ 45. Kd3 Qb3+ 46. Kd2 Qa2+ 47. Ke1 Qe6 48. Kf2 Qa2+ 49. Kf3 Qd5+ 50. Kg3 Qb3 51. Kf4 Qc4+ 52. Ke5 Qe2 53. Kd4 1/2-1/2

[Event "FRM-chT"]
[Site "Ohrid"]
[Date "2019.07.22"]
[Round "1.2"]
[White "Glavinac, Goran"]
[Black "Stamenkov, Vanco"]
[Result "1/2-1/2"]
[WhiteElo "2065"]
[BlackElo "2321"]
[PlyCount "89"]
[EventDate "2019.07.22"]
[EventType "team-tourn"]
[EventRounds "7"]
[EventCountry "MKD"]
[SourceTitle "EXT 2020"]
[Source "ChessBase"]
[SourceDate "2019.10.17"]
[SourceVersion "1"]
[SourceVersionDate "2019.10.17"]
[SourceQuality "1"]
[WhiteTeam "Skopje Karposh"]
[BlackTeam "Skopje Kisela Voda"]
[WhiteTeamCountry "MKD"]
[BlackTeamCountry "MKD"]

1. Nf3 d5 2. d4 c6 3. g3 Nf6 4. Bg2 g6 5. Nbd2 Bg7 6. c4 0-0 7. 0-0 a5 8. b3 a4 9. b4 Nbd7 10. Bb2 a3 11. Bc3 dxc4 12. Nxc4 Ne4 13. Rc1 Nb6 14. Na5 Nxc3 15. Rxc3 Nd5 16. Rxa3 Ra6 17. Rb3 Qd6 18. a3 Rd8 19. Qc2 Nc7 20. e3 Ra7 21. Ng5 e5 22. Ne4 Qe7 23. dxe5 Bxe5 24. Qc5 Qxc5 25. Nxc5 Ne6 26. Rd3 Rxd3 27. Nxd3 Bc7 28. Nc4 f6 29. Ra1 Kf7 30. Nd2 Bd6 31. Nb3 Nc7 32. Nbc5 Bf5 33. e4 Bc8 34. f4 b6 35. e5 Bf8 36. Ne4 Ba6 37. Ndf2 fxe5 38. fxe5 Bb5 39. Nd6+ Ke6 40. Nxb5 Nxb5 41. Nd3 Rxa3 42. Rxa3 Nxa3 43. Bxc6 Nc4 44. b5 Nxe5 45. Nxe5 1/2-1/2

[Event "EU-ch rapid"]
[Site "Skopje"]
[Date "2018.12.08"]
[Round "2"]
[White "Lagarde, Maxime"]
[Black "Stamenkov, Vanco"]
[Result "1-0"]
[WhiteElo "2616"]
[BlackElo "2321"]
[PlyCount "49"]
[EventDate "2018.12.08"]
[EventType "swiss (rapid)"]
[EventRounds "13"]
[EventCountry "MKD"]
[SourceTitle "CBM 187 Extra"]
[Source "ChessBase"]
[SourceDate "2018.11.04"]
[SourceVersion "1"]
[SourceVersionDate "2018.11.04"]
[SourceQuality "1"]

1. e4 d6 2. d4 Nf6 3. f3 e5 4. Ne2 Be7 5. c4 0-0 6. Nbc3 c6 7. Be3 a6 8. a4 a5 9. Qd2 Na6 10. Rd1 Nb4 11. d5 cxd5 12. cxd5 Nd7 13. Ng3 g6 14. Bb5 Nc5 15. 0-0 Bd7 16. f4 Bxb5 17. axb5 exf4 18. Bxf4 Nbd3 19. Bh6 Re8 20. Na4 Nxa4 21. Qxd3 Bg5 22. Nf5 Nc5 23. Qd4 Re5 24. Bxg5 Qxg5 25. Nxd6 1-0

[Event "FRM-chT"]
[Site "Struga"]
[Date "2018.08.15"]
[Round "5.2"]
[White "Hadzi Manev, Ljubomir"]
[Black "Stamenkov, Vanco"]
[Result "0-1"]
[WhiteElo "1998"]
[BlackElo "2316"]
[PlyCount "54"]
[EventDate "2018.08.11"]
[EventType "team-tourn"]
[EventRounds "7"]
[EventCountry "MKD"]
[SourceTitle "CBM 186 Extra"]
[Source "ChessBase"]
[SourceDate "2018.08.24"]
[SourceVersion "1"]
[SourceVersionDate "2018.08.24"]
[SourceQuality "1"]
[WhiteTeam "Skopje Karposh"]
[BlackTeam "Skopje Kisela Voda"]
[WhiteTeamCountry "MKD"]
[BlackTeamCountry "MKD"]

1. d4 d5 2. Bf4 Nf6 3. e3 e6 4. Nd2 Bd6 5. Bg3 0-0 6. Bd3 Nc6 7. Ngf3 h6 8. c3 Bxg3 9. hxg3 Qd6 10. e4 e5 11. exd5 Qxd5 12. Bc4 Qd6 13. dxe5 Nxe5 14. 0-0 Nxc4 15. Nxc4 Qa6 16. Nce5 Be6 17. Qd4 Rad8 18. Qh4 Qe2 19. g4 Qxb2 20. g5 hxg5 21. Nxg5 Bf5 22. g4 Bc2 23. Ngxf7 Rxf7 24. Nxf7 Kxf7 25. g5 Qxc3 26. gxf6 gxf6 27. Qh5+ Bg6 0-1

[Event "FRM-chT 22nd"]
[Site "Struga"]
[Date "2013.07.30"]
[Round "2.1"]
[White "Kacakovski, Dimitar"]
[Black "Stamenkov, Vanco"]
[Result "0-1"]
[WhiteElo "2131"]
[BlackElo "2313"]
[PlyCount "90"]
[EventDate "2013.07.29"]
[EventType "team-tourn"]
[EventRounds "7"]
[EventCountry "MKD"]
[SourceTitle "CBM 155 Extra"]
[Source "ChessBase"]
[SourceDate "2013.08.26"]
[SourceVersion "1"]
[SourceVersionDate "2013.08.26"]
[SourceQuality "1"]
[WhiteTeam "Skopje Karposh"]
[BlackTeam "Kochani"]
[WhiteTeamCountry "MKD"]
[BlackTeamCountry "MKD"]

1. e4 c5 2. Nf3 Nc6 3. Bb5 g6 4. Bxc6 dxc6 5. d3 Bg7 6. h3 Nf6 7. Nc3 Nd7 8. Be3 e5 9. Qd2 h6 10. 0-0 f5 11. exf5 gxf5 12. Rae1 Kf7 13. g3 Qf6 14. Nh2 Qg6 15. Kh1 Nf8 16. g4 fxg4 17. hxg4 h5 18. g5 Bh3 19. Rg1 Ne6 20. Ne4 Rad8 21. Rg3 Bf5 22. Nxc5 Nxc5 23. Bxc5 b6 24. Bb4 Rhe8 25. Bc3 h4 26. Rgg1 c5 27. Ng4 c4 28. Nxe5+ Bxe5 29. Rxe5 Rxe5 30. Bxe5 cxd3 31. Bf6 Rd7 32. cxd3 Rxd3 33. Qb4 Be4+ 34. Kh2 Kg8 35. Re1 Rh3+ 36. Kxh3 Qf5+ 37. Kxh4 Qxf2+ 38. Kh5 Qf3+ 39. Kh4 Qf4+ 40. Kh5 Qf3+ 41. Kh4 Qf2+ 42. Kh5 Bf3+ 43. Kg6 Qc2+ 44. Re4 Bxe4+ 45. Kh5 Bf3+ 0-1

[Event "Veliko Tarnovo op"]
[Site "Veliko Tarnovo"]
[Date "2013.05.05"]
[Round "7"]
[White "Stanojoski, Zvonko"]
[Black "Stamenkov, Vanco"]
[Result "1/2-1/2"]
[WhiteElo "2399"]
[BlackElo "2317"]
[PlyCount "22"]
[EventDate "2013.05.01"]
[EventType "swiss"]
[EventRounds "9"]
[EventCountry "BUL"]
[SourceTitle "CBM 154 Extra"]
[Source "ChessBase"]
[SourceDate "2013.06.25"]
[SourceVersion "2"]
[SourceVersionDate "2013.06.25"]
[SourceQuality "1"]

1. d4 d5 2. c4 c6 3. Nc3 Nf6 4. cxd5 cxd5 5. Bf4 Bf5 6. e3 Nc6 7. Bd3 Bxd3 8. Qxd3 e6 9. Nf3 Bd6 10. Bxd6 Qxd6 11. 0-0 0-0 1/2-1/2

[Event "Veliko Tarnovo op"]
[Site "Veliko Tarnovo"]
[Date "2013.05.03"]
[Round "5"]
[White "Drenchev, Petar"]
[Black "Stamenkov, Vanco"]
[Result "1-0"]
[WhiteElo "2490"]
[BlackElo "2317"]
[PlyCount "109"]
[EventDate "2013.05.01"]
[EventType "swiss"]
[EventRounds "9"]
[EventCountry "BUL"]
[SourceTitle "CBM 154 Extra"]
[Source "ChessBase"]
[SourceDate "2013.06.25"]
[SourceVersion "2"]
[SourceVersionDate "2013.06.25"]
[SourceQuality "1"]

1. d4 Nf6 2. c4 e6 3. Nf3 b6 4. g3 Bb7 5. Bg2 g6 6. 0-0 Bg7 7. Qc2 0-0 8. Nc3 c5 9. d5 exd5 10. Nh4 Nc6 11. cxd5 Nb4 12. Qb3 d6 13. a3 Na6 14. Bf4 Nc7 15. Rad1 Re8 16. Rfe1 Rb8 17. e4 Ng4 18. Nf3 Ne5 19. Nxe5 dxe5 20. Be3 Qd6 21. Qa4 a6 22. Qc4 Bc8 23. b4 cxb4 24. Qxb4 Qxb4 25. axb4 Bd7 26. Ra1 Bf8 27. Reb1 Rec8 28. Bf1 b5 29. Ne2 Ra8 30. Nc1 Ne8 31. Nd3 Nd6 32. Nxe5 Be8 33. Bg2 f5 34. exf5 gxf5 35. Ra2 Nc4 36. Nxc4 bxc4 37. d6 Rab8 38. Rxa6 c3 39. Bd5+ Bf7 40. d7 Bxd5 41. dxc8Q Rxc8 42. b5 Bf3 43. Ra2 Rd8 44. b6 Ba3 45. b7 Bb2 46. Bd4 c2 47. Raxb2 cxb1Q+ 48. Rxb1 Bxb7 49. Rxb7 Rxd4 50. Kg2 Rd5 51. Kf3 h6 52. h4 Ra5 53. Kf4 Ra2 54. f3 Ra5 55. Re7 1-0

[Event "Veliko Tarnovo op"]
[Site "Veliko Tarnovo"]
[Date "2013.05.01"]
[Round "1"]
[White "Kamenov, Valentin"]
[Black "Stamenkov, Vanco"]
[Result "0-1"]
[WhiteElo "1848"]
[BlackElo "2317"]
[PlyCount "74"]
[EventDate "2013.05.01"]
[EventType "swiss"]
[EventRounds "9"]
[EventCountry "BUL"]
[SourceTitle "CBM 154 Extra"]
[Source "ChessBase"]
[SourceDate "2013.06.25"]
[SourceVersion "2"]
[SourceVersionDate "2013.06.25"]
[SourceQuality "1"]

1. e4 c5 2. Nf3 Nc6 3. d4 cxd4 4. Nxd4 e5 5. Nxc6 bxc6 6. Bc4 Nf6 7. Qe2 Be7 8. Nc3 0-0 9. 0-0 Rb8 10. b3 Bb4 11. Bb2 Qa5 12. Na4 d5 13. Bd3 d4 14. Bc1 Be6 15. a3 Be7 16. Bd2 Qc7 17. Nb2 Nd7 18. Bc4 Nc5 19. Bxe6 Nxe6 20. Nc4 Bg5 21. Ba5 Qe7 22. Qg4 Bf6 23. Bb4 c5 24. Ba5 d3 25. Ne3 Nd4 26. b4 dxc2 27. Rac1 Qe6 28. Qxe6 fxe6 29. Rfe1 cxb4 30. Nxc2 Nb3 31. Bxb4 Nxc1 32. Bxf8 Nd3 33. Bb4 Nxe1 34. Nxe1 Kf7 35. Kf1 Be7 36. Nd3 Bxb4 37. Nxe5+ Ke8 0-1

[Event "FRM-chT 20th"]
[Site "Struga"]
[Date "2011.08.11"]
[Round "4"]
[White "Stamenkov, Vanco"]
[Black "Kosic, Dragan"]
[Result "0-1"]
[WhiteElo "2341"]
[BlackElo "2483"]
[PlyCount "64"]
[EventDate "2011.08.08"]
[EventType "team-tourn"]
[EventRounds "7"]
[EventCountry "MKD"]
[SourceTitle "CBM 143 Extra"]
[Source "ChessBase"]
[SourceDate "2011.08.29"]
[SourceVersion "1"]
[SourceVersionDate "2011.08.29"]
[SourceQuality "1"]
[WhiteTeam "Kochani"]
[BlackTeam "Skopje Kisela Voda"]
[WhiteTeamCountry "MKD"]
[BlackTeamCountry "MKD"]

1. d4 Nf6 2. Nf3 e6 3. c4 Bb4+ 4. Bd2 a5 5. e3 b6 6. Bd3 Bb7 7. 0-0 0-0 8. Nc3 d6 9. a3 Bxc3 10. Bxc3 Ne4 11. Be1 f5 12. Nd2 Qg5 13. f4 Qg6 14. Nxe4 Bxe4 15. Bxe4 fxe4 16. b4 axb4 17. axb4 Nd7 18. Bc3 b5 19. cxb5 Nb6 20. Rxa8 Rxa8 21. Qb3 d5 22. Rc1 Nc4 23. Bb2 Qh5 24. Re1 Qe8 25. b6 cxb6 26. b5 Ra5 27. Bc3 Qxb5 28. Qxb5 Rxb5 29. Kf2 Rb3 30. Rc1 b5 31. Rc2 Nxe3 32. Kxe3 b4 0-1

[Event "FRM-chT 20th"]
[Site "Struga"]
[Date "2011.08.09"]
[Round "2"]
[White "Hadzi Manev, Ljubomir"]
[Black "Stamenkov, Vanco"]
[Result "1/2-1/2"]
[WhiteElo "2134"]
[BlackElo "2341"]
[PlyCount "161"]
[EventDate "2011.08.08"]
[EventType "team-tourn"]
[EventRounds "7"]
[EventCountry "MKD"]
[SourceTitle "CBM 143 Extra"]
[Source "ChessBase"]
[SourceDate "2011.08.29"]
[SourceVersion "1"]
[SourceVersionDate "2011.08.29"]
[SourceQuality "1"]
[WhiteTeam "Skopje Karposh"]
[BlackTeam "Kochani"]
[WhiteTeamCountry "MKD"]
[BlackTeamCountry "MKD"]

1. d4 Nf6 2. c4 d6 3. Nc3 e5 4. dxe5 dxe5 5. Qxd8+ Kxd8 6. Nf3 Nbd7 7. Bd2 c6 8. h3 h6 9. 0-0-0 Ke8 10. e3 Bb4 11. a3 Ba5 12. Kb1 Bc7 13. Bc1 Nc5 14. Nd2 Bf5+ 15. Ka2 Bc2 16. Re1 a5 17. e4 Ke7 18. b3 Rhd8 19. Kb2 Bd3 20. g4 Bxf1 21. Rexf1 Rd4 22. f3 Rad8 23. Rh2 Nfd7 24. Kc2 Nb6 25. Ndb1 a4 26. b4 Nb3 27. Nxa4 Na1+ 28. Kb2 Nxa4+ 29. Kxa1 Rxc4 30. Ka2 b5 31. Be3 Rd3 32. Re2 Ke6 33. Bc1 Bb6 34. Rd2 Rxd2+ 35. Nxd2 Rc3 36. Nb3 Rc2+ 37. Kb1 Rh2 38. Bd2 Rxh3 39. Kc2 Rh2 40. Kd3 Nb2+ 41. Kc3 Nc4 42. Bc1 Ra2 43. Nc5+ Bxc5 44. bxc5 Kd7 45. Kb3 Rd2 46. Kc3 Rd4 47. Rg1 f6 48. Kc2 Kc7 49. Re1 Kb7 50. Rd1 Rxd1 51. Kxd1 Kc7 52. Kc2 Kd7 53. Kc3 Na5 54. Kb4 Nb7 55. Be3 Ke6 56. a4 bxa4 57. Kxa4 g6 58. Kb4 h5 59. gxh5 gxh5 60. Bf2 Kf7 61. Bh4 Kg6 62. Kc4 Nd8 63. f4 exf4 64. e5 Nf7 65. Bxf6 Kf5 66. Kd4 Nh6 67. Bd8 Ng4 68. e6 Kxe6 69. Ke4 f3 70. Kxf3 Kd5 71. Be7 Ne5+ 72. Kg3 Nd3 73. Kh4 Nxc5 74. Kxh5 Ne4 75. Kg4 Nd6 76. Kf3 c5 77. Bxd6 Kxd6 78. Ke4 Kc6 79. Kd3 Kb5 80. Kc3 c4 81. Kc2 1/2-1/2

[Event "FRM-chT 20th"]
[Site "Struga"]
[Date "2011.08.08"]
[Round "1"]
[White "Stamenkov, Vanco"]
[Black "Koteski, Djorgji"]
[Result "1-0"]
[WhiteElo "2341"]
[BlackElo "2277"]
[PlyCount "57"]
[EventDate "2011.08.08"]
[EventType "team-tourn"]
[EventRounds "7"]
[EventCountry "MKD"]
[SourceTitle "CBM 143 Extra"]
[Source "ChessBase"]
[SourceDate "2011.08.29"]
[SourceVersion "1"]
[SourceVersionDate "2011.08.29"]
[SourceQuality "1"]
[WhiteTeam "Kochani"]
[BlackTeam "Prilep"]
[WhiteTeamCountry "MKD"]
[BlackTeamCountry "MKD"]

1. Nf3 d5 2. g3 c5 3. Bg2 Nc6 4. d4 e6 5. c4 Nf6 6. 0-0 Be7 7. cxd5 Nxd5 8. dxc5 Bxc5 9. e4 Ndb4 10. Qxd8+ Nxd8 11. Nc3 Bd7 12. Ne5 Bc6 13. a3 Nc2 14. Rb1 f6 15. Nxc6 Nxc6 16. b4 Bd4 17. Nb5 0-0-0 18. Bh3 Rhe8 19. Bf4 g5 20. Nd6+ Rxd6 21. Bxd6 Nxa3 22. Rbc1 Nb5 23. Bc5 Kc7 24. Rfd1 Nc3 25. Bxd4 Ne2+ 26. Kf1 Nxc1 27. Rxc1 e5 28. Bxa7 Ra8 29. Bc5 1-0

[Event "FRM-chT 19th"]
[Site "Struga"]
[Date "2010.08.12"]
[Round "4"]
[White "Stamenkov, Vanco"]
[Black "Nedev, Trajce"]
[Result "0-1"]
[WhiteElo "2336"]
[BlackElo "2506"]
[PlyCount "88"]
[EventDate "2010.08.09"]
[EventType "team"]
[EventRounds "7"]
[EventCountry "MKD"]
[SourceTitle "CBM 137 Extra"]
[Source "ChessBase"]
[SourceDate "2010.09.01"]
[SourceVersion "1"]
[SourceVersionDate "2010.09.01"]
[SourceQuality "1"]

1. Nf3 Nf6 2. c4 g6 3. g3 Bg7 4. Bg2 0-0 5. 0-0 d5 6. cxd5 Nxd5 7. Nc3 Nc6 8. d3 Nxc3 9. bxc3 Bxc3 10. Bh6 Bg7 11. Bxg7 Kxg7 12. Rb1 Rb8 13. Qa4 e5 14. Rfc1 Bd7 15. Qa3 Be6 16. Rb5 a6 17. Rbc5 f6 18. Nd2 Nd4 19. Re1 c6 20. Rcc1 Nb5 21. Qb2 Qd4 22. Qc2 Qb4 23. Ne4 Rfd8 24. a4 Nd4 25. Qc5 a5 26. Rb1 Nb3 27. Qe3 b5 28. Qa7+ Bf7 29. Bh3 bxa4 30. Rec1 Rb7 31. Qa6 Qb6 32. Rxc6 Qxa6 33. Rxa6 a3 34. Nc3 Rc7 35. Na2 Nc5 36. Rxa5 Bxa2 37. Rc1 Be6 38. Bxe6 Nxe6 39. Rxc7+ Nxc7 40. Rxa3 Ra8 41. Rb3 Ra7 42. Kg2 Ne6 43. h4 h5 44. e3 Rd7 0-1

[Event "EU-Cup 25th"]
[Site "Ohrid"]
[Date "2009.10.04"]
[Round "1.1"]
[White "Stamenkov, Vanco"]
[Black "Kamsky, Gata"]
[Result "0-1"]
[WhiteElo "2344"]
[BlackElo "2692"]
[PlyCount "70"]
[EventDate "2009.10.04"]
[EventType "team-swiss"]
[EventRounds "7"]
[EventCountry "MKD"]
[SourceTitle "CBM 133"]
[Source "ChessBase"]
[SourceDate "2009.11.19"]
[SourceVersion "1"]
[SourceVersionDate "2009.11.19"]
[SourceQuality "1"]
[WhiteTeam "Kochani"]
[BlackTeam "Skopje Alkaloid"]
[WhiteTeamCountry "MKD"]
[BlackTeamCountry "MKD"]

1. d4 Nf6 2. Nf3 g6 3. g3 Bg7 4. Bg2 d5 5. 0-0 0-0 6. Nbd2 c5 7. c3 cxd4 8. cxd4 Nc6 9. Nb3 Qb6 10. Ne5 a5 11. Nxc6 bxc6 12. e3 Nd7 13. a4 Ba6 14. Re1 e6 15. Qc2 Rfd8 16. Nd2 c5 17. e4 cxd4 18. exd5 e5 19. Qc6 Qa7 20. d6 Rdc8 21. Qd5 Rab8 22. Bh3 Rc5 23. Qa2 Rc2 24. Qa3 f5 25. Bf1 e4 26. Bb5 d3 27. Qb3+ Kh8 28. Qf7 Bxb5 29. axb5 Rf8 30. b6 Qb7 31. Qe6 Nxb6 32. Rxa5 Qc6 33. Nb3 Rxc1 34. Rxc1 Qxc1+ 35. Nxc1 d2 0-1

[Event "FRM-chT 18th"]
[Site "Struga"]
[Date "2009.08.13"]
[Round "4"]
[White "Chatalbashev, Boris"]
[Black "Stamenkov, Vanco"]
[Result "1-0"]
[WhiteElo "2548"]
[BlackElo "2342"]
[PlyCount "75"]
[EventDate "2009.08.10"]
[EventType "team-tourn"]
[EventRounds "7"]
[EventCountry "MKD"]
[SourceTitle "CBM 131 Extra"]
[Source "ChessBase"]
[SourceDate "2009.09.03"]
[SourceVersion "2"]
[SourceVersionDate "2009.09.16"]
[SourceQuality "1"]

1. d4 d5 2. c4 c6 3. Nf3 Nf6 4. Nc3 a6 5. c5 b6 6. cxb6 Qxb6 7. e3 e6 8. Bd3 Nbd7 9. 0-0 c5 10. b3 cxd4 11. exd4 Bd6 12. Bb2 Bb7 13. Re1 0-0 14. Rc1 Rfc8 15. Ne5 Rc7 16. Qe2 Nf8 17. Na4 Qa7 18. Rxc7 Bxc7 19. Nc5 Bd6 20. b4 Qb6 21. a3 Bc8 22. Rc1 a5 23. b5 Bd7 24. g4 Be8 25. g5 N6d7 26. Ncxd7 Bxd7 27. f4 Be8 28. a4 Qd8 29. Qg4 Rc8 30. Rf1 Bb4 31. f5 Bc3 32. fxe6 Nxe6 33. Bxh7+ Kxh7 34. g6+ fxg6 35. Qh3+ Kg8 36. Qxe6+ Kh7 37. Qh3+ Kg8 38. Bxc3 1-0

[Event "Plovdiv Tringov Memorial"]
[Site "Plovdiv"]
[Date "2009.02.07"]
[Round "9"]
[White "Radulski, Julian"]
[Black "Stamenkov, Vanco"]
[Result "1-0"]
[WhiteElo "2579"]
[BlackElo "2333"]
[PlyCount "33"]
[EventDate "2009.02.01"]
[EventType "swiss"]
[EventRounds "9"]
[EventCountry "BUL"]
[SourceTitle "CBM 128 Extra"]
[Source "ChessBase"]
[SourceDate "2009.03.05"]
[SourceVersion "2"]
[SourceVersionDate "2009.03.25"]
[SourceQuality "1"]

1. e4 c5 2. Nc3 Nc6 3. g3 e6 4. Bg2 Nf6 5. f4 d5 6. e5 Nd7 7. Nf3 Be7 8. 0-0 a6 9. d4 cxd4 10. Ne2 f6 11. Nexd4 Nxd4 12. Nxd4 0-0 13. Nxe6 Qb6+ 14. Kh1 Nxe5 15. Nxf8 Ng4 16. Ne6 Bxe6 17. f5 1-0